| 000 | 00785nam a22002177a 4500 | ||
|---|---|---|---|
| 999 |
_c7562 _d7562 |
||
| 003 | AR-CdUCM | ||
| 008 | 190320b ||||| |||| 00| 0 spa d | ||
| 040 |
_aMUNICIPALIDAD PROVINCIAL DEL CUSCO _cBIBLIOTECA MUNICIPAL DEL CUSCO |
||
| 082 |
_a379 / _bB31 |
||
| 100 |
_aBeck, Robert Holmes _921355 |
||
| 245 | _aHistoria social de la educación / | ||
| 260 |
_aMexico : _bUteha, _c1965. |
||
| 300 |
_a255 páginas ; _c17 cm. |
||
| 440 |
_aManuales Uteha - educación _n319/319a _921356 |
||
| 505 | _aLa educación en la antigua Grecia y Roma -- La educación en europa occidental -- Educación nacionalismo y religión ... | ||
| 650 |
_aEducación. _9460 |
||
| 650 |
_aHistoria de la educación. _98386 |
||
| 650 |
_aEducación en Europa. _921357 |
||
| 942 |
_2ddc _cLIBROS |
||
| 945 | _awfj | ||